| 000 | 01640nam a22002537a 4500 | ||
|---|---|---|---|
| 999 |
_c62426 _d62426 |
||
| 003 | Ge_BSU | ||
| 005 | 20241030164144.0 | ||
| 008 | 241030s2023 ge ||||| |||| 00| 0 geo d | ||
| 020 | _a9789941355998 | ||
| 041 | _ageo | ||
| 080 | _a124.32 : 174 თ-80 | ||
| 100 |
_aთრეისი, ბრაიან _912270 |
||
| 245 |
_aმიზნები! = Goals! : _b21 ნაბიჯი მიზნის მისაღწევად: გაიუმჯობესე ცხოვრება იმაზე სწრაფად, ვიდრე წარმოგიდგენია / _cბრაიან თრეისი; ანა აფციაურის თარგმანი; სარედაქციო ჯგუფი: თეა ბარამაშვილი, თეკლა გიაშვილი, ნანა კვატაშიძე [და სხვა] ; წინასიტყვაობა დავით კენჭაძე. |
||
| 264 |
_aთბილისი : _bპალიტრა L, _c2023. |
||
| 300 |
_a328 გვ. ; _b21 სმ. |
||
| 490 | _aლურჯი ოკეანე | ||
| 653 | _aმიზნები | ||
| 653 | _aწარმატება | ||
| 700 |
_aაფციაური, ანა _eმთარგმნელი _916154 |
||
| 700 |
_aბარამაშვილი, თეა _eრედაქტორი _923559 |
||
| 700 |
_a გიაშვილი, თეკლა _eრედაქტორი _923560 |
||
| 700 |
_aკვატაშიძე, ნანა და სხვ. _eრედაქტორი _923561 |
||
| 942 |
_2udc _cBK |
||